[Event "Blackpool Open"]
[Site "Blackpool"]
[Date "2025.02.08"]
[Round "2.5"]
[White "Jaunooby, Ali Reza"]
[Black "Hebden, Mark L"]
[Result "0-1"]
[WhiteElo "2068"]
[BlackElo "2363"]
[PlyCount "81"]
[EventDate "2025.02.07"]
[EventRounds "5"]
[EventCountry "ENG"]
[SourceTitle "BritBase"]
[Source "John Saunders"]
[SourceDate "2025.02.25"]
[SourceVersion "1"]
[SourceVersionDate "2025.02.25"]
[SourceQuality "1"]

1. d4 {671} Nf6 {9} 2. c4 {49} g6 {16} 3. f3 {58} Bg7 {27} 4. e4 {9} d6 {5} 5. Be3 {64} O-O {86} 6. Nc3 {61} c5 {80} 7. d5 {14} e6 {55} 8. Qd2 {43} exd5 {50} 9. cxd5 {13} Re8 {73} 10. Be2 {281} a6 {146} 11. a4 {14} Qa5 {310} 12. Ra3 {205} Qc7 {246} 13. Bc4 {458} Nbd7 {45} 14. Nge2 {124} Ne5 {20} 15. Ba2 {175} b6 {171} 16. Nd1 {228} Nh5 {431} 17. O-O {533} Bd7 {139} 18. h3 {220} b5 {100} 19. f4 {122} Nc4 {194} 20. Bxc4 {98} bxc4 {7} 21. Ndc3 {136} f5 {46} 22. e5 {252} dxe5 {17} 23. d6 {24} Qc6 {19} 24. Qd5+ {133} Qxd5 {54} 25. Nxd5 {15} exf4 {27} 26. Nexf4 {85} Nxf4 {24} 27. Rxf4 {178} Bxb2 {268} 28. Bxc5 {189} Rac8 {109} 29. Bb4 {345} a5 {145} 30. Ra2 {337} Be5 {448} 31. Bd2 {489} c3 {87} 32. Bc1 {126} Kf7 {229} 33. Nb6 {381} Rcd8 {182} 34. Rh4 {84} h5 {74} 35. Bg5 {30} Be6 {19} 36. Re2 {590} Bxd6 37. Bxd8 Rxd8 38. Rxe6 {264} Kxe6 {27} 39. Rc4 {22} Be5 {213} 40. Kf1 {74} Rd6 {72} 41. Nc8 {28} 0-1

[Event "Blackpool Open"]
[Site "Blackpool"]
[Date "2025.02.08"]
[Round "2.6"]
[White "Williamson, Roger G"]
[Black "Mulay, Partha"]
[Result "1/2-1/2"]
[WhiteElo "2186"]
[BlackElo "1895"]
[PlyCount "68"]
[EventDate "2025.02.07"]
[EventRounds "5"]
[EventCountry "ENG"]
[SourceTitle "BritBase"]
[Source "John Saunders"]
[SourceDate "2025.02.25"]
[SourceVersion "1"]
[SourceVersionDate "2025.02.25"]
[SourceQuality "1"]

1. d4 {882} Nf6 {5} 2. c4 {11} g6 {4} 3. Nc3 {24} Bg7 {4} 4. e4 {6} d6 {3} 5. Nf3 {10} O-O {11} 6. Be2 {18} e5 {14} 7. O-O {34} Na6 {3} 8. Be3 {45} Ng4 {47} 9. Bg5 {18} Qe8 {24} 10. d5 {404} h6 {553} 11. Bd2 {172} f5 {235} 12. Ne1 {27} Nf6 {90} 13. exf5 {46} gxf5 {80} 14. f4 {36} Bd7 {376} 15. Be3 {586} Ng4 {414} 16. Bxg4 {77} fxg4 {6} 17. Qd2 {529} Qg6 18. Nd3 {333} Bf5 {590} 19. Rad1 {91} Bxd3 {690} 20. Qxd3 {7} Qxd3 {45} 21. Rxd3 {7} exf4 {260} 22. Rxf4 {430} Rxf4 {249} 23. Bxf4 {6} Nc5 {25} 24. Rd2 {363} Re8 {440} 25. Ne2 {780} Re4 {911} 26. b3 {19} h5 {710} 27. Kf1 Kf7 28. Bg3 Bh6 {322} 29. Rd4 {12} Be3 {17} 30. Rxe4 {230} Nxe4 {5} 31. Bh4 {28} c6 {199} 32. dxc6 {240} bxc6 {4} 33. Ng3 {73} Nxg3+ {13} 34. Bxg3 {8} Ke6 {27} 1/2-1/2

[Event "Blackpool Open"]
[Site "Blackpool"]
[Date "2025.02.08"]
[Round "2.7"]
[White "McAtear, Jacob B"]
[Black "Merriman, James"]
[Result "1-0"]
[WhiteElo "1892"]
[BlackElo "2073"]
[PlyCount "91"]
[EventDate "2025.02.07"]
[EventRounds "5"]
[EventCountry "ENG"]
[SourceTitle "BritBase"]
[Source "John Saunders"]
[SourceDate "2025.02.25"]
[SourceVersion "1"]
[SourceVersionDate "2025.02.25"]
[SourceQuality "1"]

1. e4 {1252} e6 {642} 2. d4 {6} d5 {44} 3. Bd3 {6} dxe4 {42} 4. Bxe4 {6} Nf6 {7} 5. Bf3 {7} Nbd7 {42} 6. Ne2 {124} Bd6 {335} 7. Ng3 {346} O-O {351} 8. O-O {76} e5 {535} 9. Nc3 {879} exd4 {610} 10. Qxd4 {139} Ne5 {198} 11. Be4 {326} Nxe4 {491} 12. Ncxe4 {266} Nc6 {658} 13. Qa4 {265} Be5 {538} 14. c3 {161} Re8 {460} 15. Rd1 {465} Qe7 {173} 16. Bg5 {192} f6 {163} 17. Be3 {31} Bxg3 {507} 18. Nxg3 {54} Ne5 {78} 19. Re1 {284} Be6 {126} 20. Qc2 {1156} Qf7 21. b3 a5 22. c4 {7} Rad8 {104} 23. Rad1 {84} Nc6 {81} 24. h3 {345} b6 {49} 25. Rxd8 {309} Rxd8 {12} 26. Qe4 {188} Bd7 {191} 27. Rd1 {189} Qe6 {132} 28. Qxe6+ {168} Bxe6 {6} 29. Rxd8+ {12} Nxd8 {4} 30. Bf4 {8} c6 {91} 31. Bc7 {7} Nb7 {7} 32. Bxb6 {14} a4 {1} 33. Kf1 {80} axb3 {6} 34. axb3 {5} Kf7 {25} 35. Ke2 {34} f5 {8} 36. Ke3 {119} g5 {15} 37. Kd4 {18} Kf6 {35} 38. Bc7 {96} h6 {87} 39. b4 {52} f4 {51} 40. Ne4+ {76} Kf7 {13} 41. c5 {48} f3 {24} 42. g4 {73} Kg6 {28} 43. b5 {93} Bd7 {26} 44. b6 {44} Kf7 {39} 45. Nd6+ {62} Nxd6 {7} 46. cxd6 {5} 1-0

[Event "Blackpool Open"]
[Site "Blackpool"]
[Date "2025.02.08"]
[Round "2.8"]
[White "Mitchell, Martin"]
[Black "Rughani, Mahin"]
[Result "1/2-1/2"]
[WhiteElo "2143"]
[BlackElo "1911"]
[PlyCount "54"]
[EventDate "2025.02.07"]
[EventRounds "5"]
[EventCountry "ENG"]
[SourceTitle "BritBase"]
[Source "John Saunders"]
[SourceDate "2025.02.25"]
[SourceVersion "1"]
[SourceVersionDate "2025.02.25"]
[SourceQuality "1"]

1. d4 {6} d5 {5} 2. Nf3 {9} c6 {7} 3. Bf4 {74} Nf6 {7} 4. e3 {275} e6 {7} 5. Nbd2 {83} Bd6 {33} 6. Bd3 {840} b6 {27} 7. Ne5 {236} Qc7 {129} 8. c4 {303} Nbd7 {547} 9. Nxd7 {181} Nxd7 {101} 10. Bg3 {692} Bb7 {27} 11. Qg4 {365} O-O {49} 12. Qh3 {407} h6 {1272} 13. e4 {328} e5 {432} 14. cxd5 {126} exd4 {336} 15. dxc6 {241} Bxc6 {65} 16. Rc1 {59} Nc5 {17} 17. Bb1 {415} Bd7 {1606} 18. Bxd6 {113} Nd3+ {70} 19. Bxd3 {25} Qxc1+ {5} 20. Ke2 {6} Qxh1 {10} 21. Qxd7 {43} Rad8 {27} 22. Qe7 {438} Rfe8 {13} 23. Qc7 {19} Rc8 {29} 24. Qd7 {12} Red8 {25} 25. Qe7 {32} Re8 {615} 26. Qd7 Rcd8 27. Qc7 Rc8 1/2-1/2

[Event "Blackpool Open"]
[Site "Blackpool"]
[Date "2025.02.08"]
[Round "2.9"]
[White "Brown, Tom"]
[Black "Hamer, Martyn"]
[Result "1/2-1/2"]
[WhiteElo "1932"]
[BlackElo "2053"]
[PlyCount "73"]
[EventDate "2025.02.07"]
[EventRounds "5"]
[EventCountry "ENG"]
[SourceTitle "BritBase"]
[Source "John Saunders"]
[SourceDate "2025.02.25"]
[SourceVersion "1"]
[SourceVersionDate "2025.02.25"]
[SourceQuality "1"]

1. d4 {338} d5 {65} 2. c4 e6 {10} 3. Nc3 {53} a6 {14} 4. Nf3 {225} dxc4 {44} 5. a4 {173} Nc6 {264} 6. e3 {115} Na5 {188} 7. Nd2 {160} Nf6 {196} 8. Nxc4 {69} Nxc4 {10} 9. Bxc4 {7} c5 {432} 10. dxc5 {95} Qxd1+ {105} 11. Kxd1 {19} Bxc5 {19} 12. Ke2 {142} Bd7 {196} 13. Rd1 {310} Rc8 {133} 14. Bb3 {160} Bc6 {162} 15. f3 {128} h6 {391} 16. e4 {121} e5 {80} 17. Be3 {413} Bxe3 {39} 18. Kxe3 {7} Ke7 {117} 19. Rd2 {187} Rhd8 {135} 20. Rad1 {62} Rxd2 {82} 21. Rxd2 {12} Rc7 {663} 22. a5 {1057} Rd7 {334} 23. Rxd7+ {203} Nxd7 {93} 24. Bc4 {289} Nc5 {538} 25. b4 {341} Ne6 {68} 26. Bxe6 {540} Kxe6 {36} 27. g3 {135} g6 {219} 28. Nb1 {158} Bb5 {101} 29. Nd2 {457} Kd6 30. Nb3 Kc6 31. f4 {18} exf4+ {79} 32. gxf4 {46} Bc4 {246} 33. Nc5 {171} Kb5 {145} 34. Nxb7 {17} Kxb4 {19} 35. Kd4 {69} Ba2 {137} 36. Ke5 {134} Bb1 {166} 37. f5 1/2-1/2

[Event "Blackpool Open"]
[Site "Blackpool"]
[Date "2025.02.08"]
[Round "2.10"]
[White "Ashworth, Michael J"]
[Black "Mari, Peter"]
[Result "1-0"]
[WhiteElo "2001"]
[BlackElo "1585"]
[PlyCount "73"]
[EventDate "2025.02.07"]
[EventRounds "5"]
[EventCountry "ENG"]
[SourceTitle "BritBase"]
[Source "John Saunders"]
[SourceDate "2025.02.25"]
[SourceVersion "1"]
[SourceVersionDate "2025.02.25"]
[SourceQuality "1"]

1. d4 {3} d5 {13} 2. c4 {7} e6 {27} 3. Nc3 {9} Nf6 {14} 4. cxd5 {64} exd5 {58} 5. Bg5 {19} Be7 {41} 6. e3 {30} h6 {106} 7. Bh4 {29} Nc6 {125} 8. Nf3 {410} Be6 {508} 9. Rc1 {217} O-O {129} 10. Bd3 {64} Nd7 {413} 11. Bxe7 {308} Nxe7 {57} 12. Qc2 {371} f5 {429} 13. O-O {127} Rc8 {162} 14. Na4 {435} c6 {567} 15. Nc5 {340} Nxc5 {89} 16. Qxc5 {41} Qc7 {309} 17. b4 {184} Rfe8 {387} 18. Rc2 {255} Qb6 {111} 19. Rfc1 {279} Qxc5 {203} 20. Rxc5 {54} Rc7 {223} 21. Ne5 {358} Rec8 {213} 22. R5c2 {275} Kf8 {218} 23. b5 {411} Bd7 {593} 24. Kf1 {582} Ke8 {115} 25. Ke2 {121} g6 {673} 26. a4 Be6 {47} 27. a5 {179} Kd8 {25} 28. b6 {57} axb6 {36} 29. axb6 {5} Rd7 {17} 30. Nxd7 {12} Kxd7 {10} 31. Ra1 {51} Rb8 {28} 32. Rca2 {404} Nc8 {23} 33. Ra8 {46} Rxa8 {8} 34. Rxa8 {3} Nxb6 {9} 35. Rb8 {35} Kc7 {26} 36. Rh8 {11} h5 {9} 37. Rh6 {16} 1-0

[Event "Blackpool Open"]
[Site "Blackpool"]
[Date "2025.02.08"]
[Round "2.11"]
[White "Anjulan, Ashwin"]
[Black "Vaidyanathan, Adithya"]
[Result "0-1"]
[WhiteElo "1677"]
[BlackElo "1872"]
[PlyCount "80"]
[EventDate "2025.02.07"]
[EventRounds "5"]
[EventCountry "ENG"]
[SourceTitle "BritBase"]
[Source "John Saunders"]
[SourceDate "2025.02.25"]
[SourceVersion "1"]
[SourceVersionDate "2025.02.25"]
[SourceQuality "1"]

1. e4 {2} c5 {274} 2. c4 {10} Nc6 {10} 3. Nc3 {8} g6 {9} 4. g3 {13} Bg7 {7} 5. Bg2 {6} e5 {16} 6. Nge2 {13} Nge7 {9} 7. O-O {38} O-O {10} 8. d3 {12} d6 {6} 9. f4 {10} exf4 {7} 10. Nxf4 {133} Nd4 {150} 11. Be3 {99} f5 {18} 12. Qd2 {72} fxe4 {49} 13. dxe4 {62} Nec6 {60} 14. Nfd5 {384} Bg4 {1084} 15. Bg5 {47} Qd7 {69} 16. Nf6+ {505} Bxf6 {61} 17. Bxf6 {96} Ne5 {55} 18. Bxe5 {99} dxe5 {3} 19. Nd5 {227} Be2 {148} 20. Rf6 {280} Bxc4 {341} 21. Qg5 {285} Bxd5 {56} 22. exd5 {22} Rxf6 {94} 23. Qxf6 {10} Qg7 {241} 24. Qd6 {333} b6 {87} 25. Rf1 {145} Re8 {75} 26. Bh3 {705} e4 {74} 27. Bd7 {59} Qe7 {127} 28. Qc7 {675} e3 {684} 29. d6 {59} Qe4 {17} 30. Bb5 {460} Nf3+ {393} 31. Rxf3 {27} Qxf3 {2} 32. d7 {33} Qd1+ {43} 33. Kg2 {151} Qd5+ {7} 34. Kh3 {109} Rf8 {33} 35. d8=Q {177} Qxd8 {41} 36. Qe5 {127} Qd4 {95} 37. Qe6+ {53} Kg7 {36} 38. Bc4 {26} Rd8 {108} 39. Be2 {47} Qd7 {10} 40. Qxd7+ {23} Rxd7 {2} 0-1

[Event "Blackpool Open"]
[Site "Blackpool"]
[Date "2025.02.08"]
[Round "3.1"]
[White "Sarakauskas, Gediminas"]
[Black "Mahadevan, Siva"]
[Result "1/2-1/2"]
[WhiteElo "2323"]
[BlackElo "2365"]
[PlyCount "54"]
[EventDate "2025.02.07"]
[EventRounds "5"]
[EventCountry "ENG"]
[SourceTitle "BritBase"]
[Source "John Saunders"]
[SourceDate "2025.02.25"]
[SourceVersion "1"]
[SourceVersionDate "2025.02.25"]
[SourceQuality "1"]

1. e4 {2} c5 {445} 2. Nf3 {11} d6 {35} 3. Bc4 {39} Nc6 {33} 4. O-O {33} Nf6 {36} 5. Re1 {6} Bg4 {605} 6. c3 {191} e6 {18} 7. d3 {173} Be7 {26} 8. h3 {161} Bh5 {25} 9. Nbd2 {84} a6 {206} 10. Bb3 {167} d5 {265} 11. exd5 {258} Nxd5 {81} 12. Ne4 {64} O-O {12} 13. Ng3 {22} Bg6 {8} 14. d4 {48} Qb6 {412} 15. Bxd5 {351} exd5 {55} 16. Ne5 {60} Rfe8 {702} 17. Nd7 {28} Qa7 {21} 18. Nxc5 {56} Bxc5 {7} 19. Rxe8+ {134} Rxe8 {2} 20. dxc5 {7} Qxc5 {9} 21. Be3 {15} Qb5 {187} 22. Qd2 {460} Ne5 {100} 23. b3 {23} Qd3 {295} 24. Rd1 {361} f6 {211} 25. Ne2 {252} Qxd2 {22} 26. Rxd2 {2} Nd3 {10} 27. Nf4 {206} Nxf4 {208} 1/2-1/2

[Event "Blackpool Open"]
[Site "Blackpool"]
[Date "2025.02.08"]
[Round "3.2"]
[White "Merriman, John"]
[Black "McAtear, Jacob B"]
[Result "1/2-1/2"]
[WhiteElo "2216"]
[BlackElo "1892"]
[PlyCount "62"]
[EventDate "2025.02.07"]
[EventRounds "5"]
[EventCountry "ENG"]
[SourceTitle "BritBase"]
[Source "John Saunders"]
[SourceDate "2025.02.25"]
[SourceVersion "1"]
[SourceVersionDate "2025.02.25"]
[SourceQuality "1"]

1. d4 {151} Nf6 {17} 2. c4 {12} b6 {5} 3. Nc3 {104} Bb7 {6} 4. f3 {97} d5 {52} 5. cxd5 {80} Nxd5 {6} 6. e4 {41} Nxc3 {16} 7. bxc3 {5} e6 {40} 8. Bb5+ {298} c6 {31} 9. Ba4 {36} Be7 {315} 10. Ne2 {52} O-O {154} 11. O-O {25} b5 {265} 12. Bc2 {76} c5 {108} 13. Be3 {48} Nd7 {225} 14. Qd3 {723} c4 {450} 15. Qd2 {33} e5 {33} 16. Rfd1 {203} Qa5 {844} 17. d5 {213} Ba3 {344} 18. Rab1 {239} Rad8 {352} 19. Ng3 {128} a6 {535} 20. f4 {84} exf4 {565} 21. Bxf4 {210} Rfe8 {159} 22. Kh1 {133} Ne5 {107} 23. Rf1 {100} f6 {174} 24. Nf5 {45} Bc8 {312} 25. Nd4 {236} Bd7 {30} 26. Qe3 {821} Ng6 {370} 27. Bg3 {68} Qb6 {59} 28. h4 {337} Ne5 {489} 29. Qd2 {443} Qc7 {155} 30. Bd1 {44} Bd6 {52} 31. Bxe5 {744} Rxe5 {82} 1/2-1/2

[Event "Blackpool Open"]
[Site "Blackpool"]
[Date "2025.02.08"]
[Round "3.3"]
[White "Mulay, Partha"]
[Black "Okhai, Shabir"]
[Result "1-0"]
[WhiteElo "1895"]
[BlackElo "2137"]
[PlyCount "89"]
[EventDate "2025.02.07"]
[EventRounds "5"]
[EventCountry "ENG"]
[SourceTitle "BritBase"]
[Source "John Saunders"]
[SourceDate "2025.02.25"]
[SourceVersion "1"]
[SourceVersionDate "2025.02.25"]
[SourceQuality "1"]

1. Nf3 Nf6 {5} 2. c4 {4} b6 {4} 3. g3 {134} Bb7 {15} 4. Bg2 {6} e6 {5} 5. O-O {28} Be7 {15} 6. d4 {17} O-O {50} 7. d5 {211} exd5 {259} 8. Nh4 {8} c5 {399} 9. cxd5 {271} d6 {18} 10. Nc3 {47} g6 {192} 11. Bh6 {366} Re8 {44} 12. e4 {18} Kh8 {687} 13. Nf3 {611} Ng4 {582} 14. Bf4 {22} Bf6 {127} 15. Re1 {905} a6 {341} 16. h3 {899} Ne5 {19} 17. Bxe5 {107} Bxe5 {96} 18. Nxe5 {15} Rxe5 {75} 19. f4 {106} Re8 {40} 20. e5 {43} dxe5 {389} 21. fxe5 {135} Nd7 22. e6 {247} Nf6 {597} 23. d6 {669} Bxg2 {215} 24. e7 {16} Qb8 {525} 25. Kxg2 {18} Kg7 {95} 26. Qd2 {266} Ra7 {143} 27. Rad1 {410} Rd7 {181} 28. Kh2 {31} h6 {540} 29. Ne4 {883} Nxe4 {375} 30. Rxe4 {6} Qb7 {99} 31. Qf4 {68} Qc6 {81} 32. Re3 {165} Qb5 {158} 33. Rf1 {35} f5 {62} 34. Qe5+ {29} Kh7 {27} 35. Rf2 {65} Qc6 {96} 36. Rd2 {83} h5 {125} 37. Qf6 {15} f4 {155} 38. gxf4 {51} Rg8 {18} 39. e8=Q {33} Rxe8 {4} 40. Rxe8 {7} Rg7 {7} 41. Re7 {11} Rxe7 {16} 42. Qxe7+ {9} Kh6 {7} 43. Qf8+ {8} Kh7 {3} 44. Re2 {9} a5 {23} 45. Re7# {5} 1-0

[Event "Blackpool Open"]
[Site "Blackpool"]
[Date "2025.02.08"]
[Round "3.4"]
[White "Hebden, Mark L"]
[Black "Ashworth, Michael J"]
[Result "1-0"]
[WhiteElo "2363"]
[BlackElo "2001"]
[PlyCount "59"]
[EventDate "2025.02.07"]
[EventRounds "5"]
[EventCountry "ENG"]
[SourceTitle "BritBase"]
[Source "John Saunders"]
[SourceDate "2025.02.25"]
[SourceVersion "1"]
[SourceVersionDate "2025.02.25"]
[SourceQuality "1"]

1. d4 {4} Nf6 {10} 2. Bg5 {15} e6 {34} 3. e4 {288} h6 {9} 4. Bxf6 {6} Qxf6 {6} 5. c3 {9} d5 {102} 6. Nd2 {17} c5 {184} 7. Ngf3 {34} Nc6 {55} 8. Bb5 {94} cxd4 {966} 9. cxd4 {32} Bd7 {56} 10. O-O {74} dxe4 {1141} 11. Nxe4 {25} Qf5 {314} 12. Qe2 {87} Be7 {179} 13. d5 {74} Qxd5 {262} 14. Rfd1 {10} Qh5 {81} 15. Ng3 {366} Qc5 {193} 16. Rac1 {13} Qb4 {384} 17. Rxd7 {390} Kxd7 {23} 18. Ne5+ {49} Kc7 {87} 19. Nxc6 {131} bxc6 {14} 20. Qe5+ {307} Bd6 {534} 21. Rxc6+ {69} Kb7 {37} 22. Rxd6 {18} Rad8 {54} 23. Ba6+ {168} Ka8 {50} 24. Rc6 {44} Rd1+ {521} 25. Nf1 {28} Qd4 {66} 26. Qc7 {137} Qxb2 {129} 27. Qxf7 {31} Rhd8 {373} 28. Qxe6 {156} Qb8 {478} 29. Rc8 {108} Rxc8 {169} 30. Qe4+ {12} 1-0

[Event "Blackpool Open"]
[Site "Blackpool"]
[Date "2025.02.08"]
[Round "3.5"]
[White "Williamson, Roger G"]
[Black "Bryant, Harry"]
[Result "1-0"]
[WhiteElo "2186"]
[BlackElo "2000"]
[PlyCount "59"]
[EventDate "2025.02.07"]
[EventRounds "5"]
[EventCountry "ENG"]
[SourceTitle "BritBase"]
[Source "John Saunders"]
[SourceDate "2025.02.25"]
[SourceVersion "1"]
[SourceVersionDate "2025.02.25"]
[SourceQuality "1"]

1. d4 {82} d5 {7} 2. c4 {14} c6 {6} 3. Nf3 {11} Nf6 {8} 4. Nc3 {19} e6 {7} 5. g3 {7} dxc4 {51} 6. Bg2 {14} Nbd7 {18} 7. O-O {34} b5 {21} 8. e4 {40} Bb7 {27} 9. e5 {21} Nd5 {19} 10. Ng5 {21} h6 {51} 11. Qh5 {405} g6 {146} 12. Qh3 {26} Be7 {365} 13. Nce4 {331} Qb6 {937} 14. Re1 {379} Qxd4 {839} 15. Nf3 {880} Qb6 {28} 16. a4 {865} a5 {301} 17. Bg5 {101} Nc5 {1864} 18. Nd6+ {354} Bxd6 {70} 19. exd6 {8} Bc8 {808} 20. Ne5 {805} Nd3 {147} 21. Nxd3 {36} cxd3 {6} 22. Bxd5 {21} cxd5 {14} 23. Qh4 {287} Qxd6 {146} 24. Bf6 {43} Rf8 {313} 25. axb5 {143} Bb7 {235} 26. Qd4 {178} Kd7 {67} 27. Be5 {36} Qb4 {222} 28. Qb6 {20} Rfb8 {19} 29. Qc7+ {18} Ke8 {23} 30. Bd6 {8} 1-0

[Event "Blackpool Open"]
[Site "Blackpool"]
[Date "2025.02.08"]
[Round "3.6"]
[White "Rughani, Mahin"]
[Black "Wolstencroft, Darryl"]
[Result "0-1"]
[WhiteElo "1911"]
[BlackElo "2196"]
[PlyCount "82"]
[EventDate "2025.02.07"]
[EventRounds "5"]
[EventCountry "ENG"]
[SourceTitle "BritBase"]
[Source "John Saunders"]
[SourceDate "2025.02.25"]
[SourceVersion "1"]
[SourceVersionDate "2025.02.25"]
[SourceQuality "1"]

1. d4 {2} f5 {17} 2. Nf3 {7} Nf6 {20} 3. Bf4 {65} e6 {99} 4. e3 {138} d5 5. a3 {51} Be7 {46} 6. c4 {20} c6 {6} 7. Nc3 {5} O-O {7} 8. Bd3 {33} Ne4 {22} 9. Qc2 {48} Nd7 {59} 10. Be5 {174} Ndf6 {190} 11. O-O {272} Bd7 {219} 12. Nd2 {44} Be8 {113} 13. f3 {19} Nxd2 {230} 14. Qxd2 {7} g5 {147} 15. cxd5 {128} cxd5 {72} 16. e4 {158} dxe4 {180} 17. Qxg5+ {171} Bg6 {46} 18. fxe4 {909} Ng4 {838} 19. Qf4 {1400} Bg5 {411} 20. Qf3 {156} Nxe5 {607} 21. dxe5 {49} Qd4+ {12} 22. Kh1 {30} fxe4 {21} 23. Qg4 {46} Qxd3 {71} 24. Rfd1 {142} Qe3 {266} 25. h4 {41} Bd8 {589} 26. Qxe6+ {560} Kh8 {55} 27. Rf1 {219} Bxh4 {120} 28. Nd5 {55} Qh6 {68} 29. Kg1 {64} e3 {22} 30. Nf6 {416} e2 {25} 31. Rfc1 {22} Qe3+ {83} 32. Kh2 {12} Bg3+ {188} 33. Kh1 {33} Qh6+ {88} 34. Qh3 {11} Qxh3+ {11} 35. gxh3 {5} Bxe5 {17} 36. Ng4 {41} Be4+ {17} 37. Kg1 {5} Bxb2 {27} 38. Re1 {33} Bxa1 {31} 39. Rxa1 {5} Bd3 {13} 40. Nf2 {8} Rxf2 {22} 41. Kxf2 {3} Rf8+ {9} 0-1

[Event "Blackpool Open"]
[Site "Blackpool"]
[Date "2025.02.08"]
[Round "3.7"]
[White "Milson, Samuel A"]
[Black "Pick, Freddie"]
[Result "1-0"]
[WhiteElo "2052"]
[BlackElo "1994"]
[PlyCount "113"]
[EventDate "2025.02.07"]
[EventRounds "5"]
[EventCountry "ENG"]
[SourceTitle "BritBase"]
[Source "John Saunders"]
[SourceDate "2025.02.25"]
[SourceVersion "1"]
[SourceVersionDate "2025.02.25"]
[SourceQuality "1"]

1. e4 {4} c5 {14} 2. Nc3 {8} Nc6 {21} 3. Bb5 {8} Nd4 {4} 4. Nf3 {9} a6 {44} 5. Bd3 {9} g6 {74} 6. Nxd4 {41} cxd4 {4} 7. Ne2 {18} Bg7 {4} 8. c3 {123} dxc3 {56} 9. bxc3 {41} d6 {134} 10. O-O {171} Nf6 {15} 11. Bc2 {94} O-O {21} 12. d4 {53} Bd7 {189} 13. f4 {285} Rc8 {155} 14. h3 {254} Bb5 {157} 15. Bd3 {55} Bxd3 {40} 16. Qxd3 {8} Qc7 {306} 17. Rb1 {455} b5 {247} 18. Rb4 {260} d5 {572} 19. e5 {146} Ne4 {56} 20. Bd2 {73} f6 {244} 21. a4 {197} fxe5 {76} 22. dxe5 {126} e6 {332} 23. axb5 {26} Nxd2 {33} 24. Qxd2 {23} Qc5+ {14} 25. Nd4 {256} axb5 {178} 26. Rxb5 {21} Qa7 {18} 27. Rfb1 {108} Rfe8 {119} 28. Kh2 {220} Qf7 {150} 29. Rb7 {603} Rc7 {19} 30. Rxc7 {39} Qxc7 {1} 31. Qd3 {142} Bh6 {208} 32. g3 {55} g5 {107} 33. Qf3 {351} Qf7 {391} 34. f5 {817} exf5 {88} 35. e6 {8} Rxe6 {114} 36. Nxe6 {10} Qxe6 {4} 37. Rd1 {35} Qe4 {84} 38. Qxe4 {55} dxe4 {8} 39. c4 {17} f4 {101} 40. gxf4 {23} gxf4 {1} 41. Rd4 {99} e3 {12} 42. Kg2 {13} Kf7 {65} 43. Kf3 {13} Ke6 {13} 44. c5 {23} Bf8 {78} 45. Rc4 {246} Kd7 {193} 46. c6+ {23} Kc7 {4} 47. Rxf4 {188} Bc5 {46} 48. Rf6 {26} Bd6 {48} 49. Kxe3 {31} Kxc6 {36} 50. Ke4 {24} Kd7 {68} 51. Kd5 {14} Be7 {15} 52. Rh6 {8} Ke8 {26} 53. Ke6 {64} Kf8 {33} 54. Rxh7 {34} Bg5 55. Kf5 {98} Kg8 {30} 56. Kg6 {7} Bd2 {13} 57. Rd7 {11} 1-0

[Event "Blackpool Open"]
[Site "Blackpool"]
[Date "2025.02.08"]
[Round "3.8"]
[White "Bakhtiyorova, Nodirabegim"]
[Black "Mitchell, Martin"]
[Result "0-1"]
[WhiteElo "1725"]
[BlackElo "2143"]
[PlyCount "100"]
[EventDate "2025.02.07"]
[EventRounds "5"]
[EventCountry "ENG"]
[SourceTitle "BritBase"]
[Source "John Saunders"]
[SourceDate "2025.02.25"]
[SourceVersion "1"]
[SourceVersionDate "2025.02.25"]
[SourceQuality "1"]

1. e4 {1} d6 {20} 2. d4 {3} Nf6 {13} 3. Nc3 {4} g6 {24} 4. f4 {17} Bg7 {27} 5. Nf3 {17} c5 {22} 6. dxc5 {16} Qa5 {12} 7. Qd3 {4} Qxc5 {55} 8. Be3 {42} Qa5 {43} 9. Qb5+ {13} Qxb5 {20} 10. Bxb5+ {2} Nc6 {124} 11. e5 {984} dxe5 {1272} 12. fxe5 {48} Ng4 {205} 13. Nd5 {1653} Nxe3 {630} 14. Nxe3 {512} Bd7 {131} 15. Nd5 {759} Rc8 {94} 16. Bxc6 {289} Bxc6 {193} 17. O-O-O {64} e6 {42} 18. Nf6+ {94} Ke7 {22} 19. Rhf1 {185} Bxf6 {423} 20. exf6+ {30} Kxf6 {12} 21. Nd4+ {90} Ke7 {21} 22. Nxc6+ {4} Rxc6 {14} 23. Rd2 {9} f5 {459} 24. Rfd1 {28} Rc7 {96} 25. c3 {21} Re8 {68} 26. Kc2 {40} e5 {71} 27. Rd6 {20} Kf7 {101} 28. Kd3 {91} Re6 {357} 29. Rd8 {353} Rcc6 {92} 30. Ke3 {132} Re7 {341} 31. Rh8 {296} Kg7 {79} 32. Rhd8 {93} Rb6 {347} 33. R1d2 {145} e4 {104} 34. g3 {56} Kf6 {195} 35. b3 {193} Rc6 {118} 36. c4 {106} Kg5 {214} 37. h3 {41} h5 {74} 38. R8d5 {121} Kf6 {181} 39. h4 {48} a6 {198} 40. a3 {176} Ke6 {190} 41. Kf4 {63} b5 {75} 42. c5 {33} a5 {34} 43. b4 {22} axb4 {21} 44. axb4 {4} Ra7 {26} 45. Rd6+ {65} Rxd6 {2} 46. Rxd6+ Kf7 {5} 47. c6 {37} Ra3 {18} 48. Rd5 {47} Rc3 {35} 49. Rxb5 {18} Kf6 {22} 50. Rxf5+ {18} gxf5 {7} 0-1